000 06753 a2200805 4500
003 Nust
005 20170207171638.0
035 _a(CaPaEBR)ebr10142560
035 _a(EBZ)ebs297579e
035 _a(EBZ)ebs297579e
035 _a(EBZ)ebs297579e
035 _a(EBZ)ebs297579e
035 _a(EBZ)ebs297579e
035 _a(EBZ)ebs297579e
035 _a(EBZ)ebs297579e
035 _a(EBZ)ebs297579e
035 _a(WaSeSS)ssj0000078257
035 _a(WaSeSS)ssj0000078257
035 _a(WaSeSS)ssj0000078257
035 _a(WaSeSS)ssj0000078257
035 _a(WaSeSS)ssj0000078257
035 _a(WaSeSS)ssj0000078257
035 _a(WaSeSS)ssj0000078257
035 _a(WaSeSS)ssj0000078257
040 _cNust
082 _a005.8068
100 1 _aSnedaker, Susan.
245 1 0 _aSyngress IT security project management handbook (E-Book)
_h[Elektronisk resurs]
_cSusan Snedaker ; Russ Rogers, technical editor.
246 3 0 _aIT security project management handbook
260 _aRockland, MA :
_bSyngress Publishing,
_cc2006.
300 _axxvi, 612 p. :
_bill.
500 _aIncludes index.
505 0 _aCh. 1. IT security project management building blocks -- Ch. 2. Defining the security project -- Ch. 3. Organizing the IT security project -- Ch. 4. Building quality into IT security projects -- Ch. 5. Forming the IT security project team -- Ch. 6. Planning the IT security project -- Ch. 7. Managing the IT security project -- Ch. 8. Closing out the IT security project -- Ch. 9. Corporate IT security project plan -- Ch. 10. General IT security plan -- Ch. 11. IT Infrastructure security plan -- Ch. 12. Wireless security project plan -- Ch. 13. IT operational security plan.
650 0 _aComputer networks
_xSecurity measures
650 0 _aComputer security
_xManagement
651 _aE-Book
655 7 _aElectronic books.
700 1 _aRogers, Russ.
856 4 0 _uhttp://costello.pub.hb.se/login?url=http://site.ebrary.com/lib/boras/Top?id=10142560
856 4 0 _uhttp://db.ub.oru.se/login?url=http://site.ebrary.com/lib/universitetsbiblioteket/Top?id=10142560
856 4 0 _uhttp://ep.bib.mdh.se/login?url=http://search.ebscohost.com/login.aspx?direct=true&scope=site&db=e000xww&AN=163063
856 4 0 _uhttp://ep.bib.mdh.se/login?url=http://search.ebscohost.com/login.aspx?direct=true&scope=site&db=nlebk&db=nlabk&AN=163063
856 4 0 _uhttp://ezproxy.bib.hh.se/login?url=http://site.ebrary.com/lib/halmstad/Top?id=10142560
856 4 0 _uhttp://ezproxy.its.uu.se/login?url=http://site.ebrary.com/lib/uppsala/Top?id=10142560
856 4 0 _uhttp://link.sub.su.se/sfxsub?url_ver=Z39.88-2004&ctx_ver=Z39.88-2004&ctx_enc=info:ofi/enc:UTF-8&rfr_id=info:sid/sfxit.com:opac_856&url_ctx_fmt=info:ofi/fmt:kev:mtx:ctx&sfx.ignore_date_threshold=1&rft.object_id=1000000000298108&svc_val_fmt=info:ofi/fmt:kev:mtx:sch_svc&
856 4 0 _uhttp://ludwig.lub.lu.se/login?url=http://www.sciencedirect.com/science/book/9781597490764
856 4 0 _uhttp://miman.bib.bth.se/login?url=http://proquest.safaribooksonline.com/1597490768
856 4 0 _uhttp://miman.bib.bth.se/login?url=http://site.ebrary.com/lib/bthbib/Top?id=10142560
856 4 0 _uhttp://proxy.lib.chalmers.se/login?url=http://library.books24x7.com/library.asp?^B&bookid=14082
856 4 0 _uhttp://proxy.lib.chalmers.se/login?url=http://site.ebrary.com/lib/chalmers/Top?id=10142560
856 4 0 _uhttp://proxy.lib.chalmers.se/login?url=http://www.sciencedirect.com/science/book/9781597490764
856 4 0 _uhttp://proxy.lib.ltu.se/login?url=http://search.ebscohost.com/login.aspx?direct=true&scope=site&db=e000xww&AN=163063
856 4 0 _uhttp://proxy.lib.ltu.se/login?url=http://search.ebscohost.com/login.aspx?direct=true&scope=site&db=nlebk&db=nlabk&AN=163063
856 4 0 _uhttp://proxy.lnu.se/login?url=http://search.ebscohost.com/login.aspx?direct=true&scope=site&db=e000xww&AN=163063
856 4 0 _uhttp://proxy.lnu.se/login?url=http://search.ebscohost.com/login.aspx?direct=true&scope=site&db=nlebk&db=nlabk&AN=163063
856 4 0 _uhttp://sfx-46htu.hosted.exlibrisgroup.com/46htu?url_ver=Z39.88-2004&ctx_ver=Z39.88-2004&ctx_enc=info:ofi/enc:UTF-8&rfr_id=info:sid/sfxit.com:opac_856&url_ctx_fmt=info:ofi/fmt:kev:mtx:ctx&sfx.ignore_date_threshold=1&rft.object_id=1000000000298108&svc_val_fmt=info:ofi/fmt:kev:mtx:sch_svc&
856 4 0 _uhttp://sfxeu10.hosted.exlibrisgroup.com/sfxjon/?url_ver=Z39.88-2004&ctx_ver=Z39.88-2004&ctx_enc=info:ofi/enc:UTF-8&rfr_id=info:sid/sfxit.com:opac_856&url_ctx_fmt=info:ofi/fmt:kev:mtx:ctx&sfx.ignore_date_threshold=1&rft.object_id=1000000000298108&svc_val_fmt=info:ofi/fmt:kev:mtx:sch_svc&
856 4 0 _uhttp://sfxeu11.hosted.exlibrisgroup.com/mah?url_ver=Z39.88-2004&ctx_ver=Z39.88-2004&ctx_enc=info:ofi/enc:UTF-8&rfr_id=info:sid/sfxit.com:opac_856&url_ctx_fmt=info:ofi/fmt:kev:mtx:ctx&sfx.ignore_date_threshold=1&rft.object_id=1000000000298108&svc_val_fmt=info:ofi/fmt:kev:mtx:sch_svc&
856 4 0 _uhttp://sfxeu11.hosted.exlibrisgroup.com/sfxslub?url_ver=Z39.88-2004&ctx_ver=Z39.88-2004&ctx_enc=info:ofi/enc:UTF-8&rfr_id=info:sid/sfxit.com:opac_856&url_ctx_fmt=info:ofi/fmt:kev:mtx:ctx&sfx.ignore_date_threshold=1&rft.object_id=1000000000298108&svc_val_fmt=info:ofi/fmt:kev:mtx:sch_svc&
856 4 0 _uhttp://sfxeu11.hosted.exlibrisgroup.com/sfxumub?url_ver=Z39.88-2004&ctx_ver=Z39.88-2004&ctx_enc=info:ofi/enc:UTF-8&rfr_id=info:sid/sfxit.com:opac_856&url_ctx_fmt=info:ofi/fmt:kev:mtx:ctx&sfx.ignore_date_threshold=1&rft.object_id=1000000000298108&svc_val_fmt=info:ofi/fmt:kev:mtx:sch_svc&
856 4 0 _uhttp://site.ebrary.com/lib/[[channelname]]/Top?channelName=[[channelname]]&cpage=1&docID=10142560
856 4 0 _uhttp://webproxy.student.hig.se:2048/login?url=http://search.ebscohost.com/login.aspx?direct=true&scope=site&db=e000xww&AN=163063
856 4 0 _uhttp://webproxy.student.hig.se:2048/login?url=http://search.ebscohost.com/login.aspx?direct=true&scope=site&db=nlebk&db=nlabk&AN=163063
856 4 0 _uhttp://www.du.se/proxy.aspx?url=http://site.ebrary.com/lib/dalarna/Top?id=10142560
856 4 0 _uhttps://login.bibproxy.kau.se:8443/login?url=http://search.ebscohost.com/login.aspx?direct=true&scope=site&db=e000xww&AN=163063
856 4 0 _uhttps://login.bibproxy.kau.se:8443/login?url=http://search.ebscohost.com/login.aspx?direct=true&scope=site&db=nlebk&db=nlabk&AN=163063
856 4 0 _uhttps://login.e.bibl.liu.se/login?url=http://library.books24x7.com/library.asp?^B&bookid=14082
856 4 0 _uhttps://login.e.bibl.liu.se/login?url=http://site.ebrary.com/lib/linkoping/Top?channelName=linkoping&cpage=1&docID=10142560
856 4 0 _uhttps://login.proxy.annalindhbiblioteket.se/login?url=http://search.ebscohost.com/login.aspx?direct=true&scope=site&db=e000xww&AN=163063
942 _2ddc
_cBK
999 _c218026
_d218026